000 00506nam a2200193Ia 4500
003 GCL
008 140319s9999 xx 000 0 ara d
040 _aGCL /
_cGCL
082 0 4 _aط
_b813.03
_bن ع
100 1 _aنجيب محفوظ
245 1 0 _aعجائب الاقدار /
_cنجيب محفوظ
260 _a[S.N] :
_bدار الشروق ،
_c1989
300 _a102 ص
490 _a
650 0 4 _aالادب العربى
650 0 4 _aالاطفال
650 0 4 _aالقصص
942 _2ddc
_cBK
999 _c57192
_d57192